Capitales de Mexico - Estadísticas

Estadísticas generales
  • Esta prueba ha sido intentada 2.138 veces
  • La puntuación promedio es 22 de 32
Estadísticas de respuestas
Hint Respuesta % Correcto
Aguascalientes Aguascalientes
97%
Baja California Sur La Paz
94%
Campeche Campeche
88%
Baja California Mexicali
88%
Chihuahua Chihuahua
87%
Durango Durango
83%
Colima Colima
82%
Guanajuato Guanajuato
77%
Nuevo Leon Monterrey
77%
Jalisco Guadalajara
75%
Oaxaca Oaxaca
74%
CDMX Ciudad de Mexico
73%
Puebla Puebla
73%
Estado de Mexico Toluca
73%
Queretaro Queretaro
69%
Coahuila Saltillo
69%
Chiapas Tuxtla Gutierrez
69%
Nayarit Tepic
68%
Michoacan Morelia
66%
San Luis Potosi San Luis Potosi
65%
Hidalgo Pachuca
63%
Guerrero Chilpancingo
62%
Morelos Cuernavaca
59%
Yucatan Merida
59%
Sonora Hermosillo
58%
Zacatecas Zacatecas
58%
Quintana Roo Chetumal
57%
Sinaloa Culiacan
57%
Tlaxcala Tlaxcala
56%
Veracruz Xalapa
52%
Tabasco Villahermosa
50%
Tamaulipas Ciudad Victoria
48%
No se encontraron pruebas coincidentes
Distribución de puntuación
Porcentaje de gente con cada puntuación
Porcentaje por número respondido
Historial de tus puntuaciones
No has intentado esta prueba.